| 000 | 01210nam a2200289 4500 | ||
|---|---|---|---|
| 001 | 0000022222 | ||
| 003 | CO-CtgCURN | ||
| 005 | 20250329191030.0 | ||
| 007 | ta | ||
| 008 | 160627s2006 000 0 eng d | ||
| 020 | _a958350548X | ||
| 040 |
_aCO-CtgCURN _bspa _ccoctgcurn |
||
| 082 | 0 |
_a321.8 _bD948d |
|
| 100 | 1 | _aDurango Alvarez, Gerardo. | |
| 245 | 1 | 0 |
_aDerechos fundamentales y democracia deliberativa : _buna aproximacion desde la teoria habermasiana / _cGerardo Durango Alvarez. |
| 260 |
_aBogotá : _bEditorial Temis, _c2006. |
||
| 300 | _axix, 240 p. | ||
| 336 | _2rdacontent | ||
| 337 |
_2rdamedia _asin mediacion _bn |
||
| 338 |
_2rdacarrier _avolumen _bnc |
||
| 504 | _aIncluye bibliografia. | ||
| 505 | 8 | _aRelacion entre el principio discurso y el derecho: una aproximacion a la comunidad argumentativa constructiva de las normas de derecho.--De la democracia representativa a la democracia deliberativa una aproximacion a la teoria.--Mecanismo de participacion ciudadana en la constitucion colombiana de 1991 | |
| 650 | 1 | 4 | _aDerecho y sociedad. |
| 908 | _a160627 | ||
| 942 |
_cBK _h321.8 _iD948d _2ddc |
||
| 999 |
_c11749 _d11749 |
||